| 000 | 00584nam a22001577a 4500 | ||
|---|---|---|---|
| 003 | NUST | ||
| 082 | _a621 | ||
| 100 |
_aMUHAIMIN ,ABDUL _9122267 |
||
| 245 |
_aParametric Optimization and Analysis on Robotic Based Fiber Laser Welding of HSLA Steel by varying Gap Width / _cABDUL MUHAIMIN |
||
| 264 |
_aIslamabad: _bSMME- NUST. _c2020. |
||
| 300 |
_a133p. ; _bSoft Copy, _c30cm. |
||
| 650 |
_aMS Mechanical Engineering _9119495 |
||
| 700 |
_aSupervisor : DR. SHAHID IKRAMULLAH BUT _9122268 |
||
| 856 | _uhttp://10.250.8.41:8080/xmlui/handle/123456789/22317 | ||
| 942 |
_2ddc _cTHE |
||
| 999 |
_c608774 _d608774 |
||